[Event "OP-2012-0-02520"]
[Site "LSS email"]
[Date "2012.11.30"]
[Round "?"]
[White "Aashray, Rao"]
[Black "Mori, Roberto"]
[Result "1-0"]
[WhiteElo "800"]
[BlackElo "630"]
[PlyCount "35"]
[EventDate "2012.11.26"]
[EventType "tourn (corr)"]
[EventRounds "4"]
[EventCountry "GER"]
[SourceTitle "Corr 2015"]
[Source "ChessBase"]
[SourceDate "2015.07.17"]
[SourceVersion "1"]
[SourceVersionDate "2015.07.17"]
[SourceQuality "1"]

1. e4 e5 2. Nf3 Nc6 3. d4 exd4 4. Nxd4 Nxd4 5. Qxd4 Nf6 6. Nc3 Be7 7. e5 Nh5 8. g4 c5 9. Qd5 Nf4 10. Bxf4 0-0 11. 0-0-0 Qc7 12. Qe4 Rb8 13. e6 d6 14. exf7+ Kh8 15. Nd5 Qc6 16. Bd3 g6 17. Qxe7 Bxg4 18. Qf6# 1-0

[Event "OP-2012-0-02520"]
[Site "LSS email"]
[Date "2012.11.30"]
[Round "?"]
[White "Dlugolecki, Grzegorz"]
[Black "Aashray, Rao"]
[Result "1/2-1/2"]
[WhiteElo "1637"]
[BlackElo "800"]
[PlyCount "66"]
[EventDate "2012.11.26"]
[EventType "tourn (corr)"]
[EventRounds "4"]
[EventCountry "GER"]
[SourceTitle "Telechess CBM 159"]
[Source "ChessBase"]
[SourceDate "2014.03.17"]
[SourceVersion "1"]
[SourceVersionDate "2014.03.17"]
[SourceQuality "1"]

1. d4 Nf6 2. c4 e6 3. Nc3 d5 4. Nf3 Be7 5. Bf4 0-0 6. e3 c5 7. dxc5 Bxc5 8. Bd3 Nc6 9. 0-0 Bd6 10. Bxd6 Qxd6 11. Qd2 h6 12. Rfd1 Rd8 13. Nb5 Qe7 14. cxd5 exd5 15. h3 Ne4 16. Qe1 a6 17. Nbd4 Bd7 18. Rac1 Rdc8 19. Ne2 Be6 20. Bc2 Rc7 21. Bb1 Rac8 22. b3 g5 23. Bxe4 dxe4 24. Nfd4 Nxd4 25. Nxd4 Rxc1 26. Rxc1 Rxc1 27. Qxc1 Qd6 28. Ne2 Kh7 29. Qa1 Qd5 30. Ng3 Kg6 31. Qh8 f5 32. Qe8+ Bf7 33. Qh8 Be6 1/2-1/2

[Event "OP-2012-0-02520"]
[Site "LSS email"]
[Date "2012.11.30"]
[Round "?"]
[White "Vontina, Maria"]
[Black "Aashray, Rao"]
[Result "0-1"]
[WhiteElo "684"]
[BlackElo "800"]
[PlyCount "46"]
[EventDate "2012.11.26"]
[EventType "tourn (corr)"]
[EventRounds "4"]
[EventCountry "GER"]
[SourceTitle "Telechess CBM 159"]
[Source "ChessBase"]
[SourceDate "2014.03.17"]
[SourceVersion "1"]
[SourceVersionDate "2014.03.17"]
[SourceQuality "1"]

1. e4 e5 2. Nf3 Nc6 3. Bb5 a6 4. Ba4 Nf6 5. 0-0 Be7 6. Re1 b5 7. Bb3 d6 8. h3 0-0 9. c3 Nb8 10. d4 Nbd7 11. Nbd2 Bb7 12. d5 c6 13. Nf1 Nc5 14. Bc2 cxd5 15. exd5 Nxd5 16. b4 Nxc3 17. Qd2 N5e4 18. Bxe4 Nxe4 19. Qd3 d5 20. Nxe5 Bxb4 21. Rd1 Bc3 22. Rb1 Bxe5 23. Ne3 Nc3 0-1